El hombre espíritu encarnado: compendio de filosofía del hombre

Uloženo v:
Podrobná bibliografie
Hlavní autor: Lucas Lucas, Ramón (autor)
Médium: Kniha
Jazyk:španělština
Vydáno: Madrid Sociedad de Educación Atenas 1995
Témata:
Tagy: Přidat tag
Žádné tagy, Buďte první, kdo vytvoří štítek k tomuto záznamu!

MARC

LEADER 00000nam a2200000 a 4500
001 UCS3188
003 CL-VaPUC
008 970620e19950000SP |||||||||||||||||spa|d
082 0 4 |a 128  |b LUC  |2 21 
100 |a Lucas Lucas, Ramón  |e autor  |9 581436 
245 1 3 |a El hombre espíritu encarnado: compendio de filosofía del hombre 
300 |a 379 p 
942 |c BK 
945 |d 19970620 00:00:00  |a aalvarez 
260 |a Madrid  |b Sociedad de Educación Atenas  |c 1995 
650 7 |a HOMBRE  |2 CL-VaPUC  |9 262149 
650 0 |a Antropología filosófica  |9 265842 
650 0 |a Teoría del conocimiento   |9 255038 
650 0 |a Voluntad  |9 307812 
650 0 |a Percepción   |9 266750 
650 0 |a Emociones   |9 265224 
583 |a last modification  |c 19970620 00:00:00  |k Rodrigo Vera 
999 |c 260990  |d 260988 
952 |0 0  |1 0  |4 0  |6 128_000000000000000_LUC_1995  |7 0  |8 A  |9 287733  |a BIBTEO  |b BIBTEO  |d 2019-11-19  |i 3321452  |o 128 LUC 1995  |p 3321452  |r 2025-01-17  |w 2019-11-19  |y BK  |k ICR